| 000 | 00404nam a2200145 a 4500 | ||
|---|---|---|---|
| 001 | 2339 | ||
| 003 | CDMR | ||
| 005 | 20130116135228.0 | ||
| 008 | 130130s1999||||||||||||||||||||||||||||d | ||
| 040 |
_aCDMR _bcat _cCPC LLEIDA |
||
| 100 | 1 |
_aGabilondo, Iñaki _91224 |
|
| 245 | 1 | 3 |
_aLa ràdio del segle XX _cGABILONDO, Iñaki |
| 260 |
_aBellaterra _c1999 _bFacultat de Ciències de la Comunicació UAB |
||
| 942 | _cMON | ||
| 999 |
_c2339 _d2339 |
||